Planning law and practice (Record no. 103018)
[ view plain ]
| 000 -LEADER | |
|---|---|
| fixed length control field | 02399cam a22002655a 4500 |
| 001 - CONTROL NUMBER | |
| control field | L123214 |
| 008 - FIXED-LENGTH DATA ELEMENTS--GENERAL INFORMATION | |
| fixed length control field | 030806s2005 xxk f 001 0 eng u |
| 020 ## - INTERNATIONAL STANDARD BOOK NUMBER | |
| International Standard Book Number | 1859417485 |
| -- | 9781859417485 |
| 035 ## - SYSTEM CONTROL NUMBER | |
| System control number | (Sirsi) u123214 |
| 041 0# - LANGUAGE CODE | |
| Language code of text/sound track or separate title | eng |
| 050 04 - LIBRARY OF CONGRESS CALL NUMBER | |
| Classification number | 711.026 $2 18 |
| 100 1# - MAIN ENTRY--PERSONAL NAME | |
| Personal name | Blackhall, James Cameron |
| 245 00 - TITLE STATEMENT | |
| Title | Planning law and practice |
| 250 ## - EDITION STATEMENT | |
| Edition statement | 3rd ed. |
| 260 ## - PUBLICATION, DISTRIBUTION, ETC. | |
| Place of publication, distribution, etc. | Abingdon |
| Name of publisher, distributor, etc. | Cavendish |
| Date of publication, distribution, etc. | 2003 |
| 300 ## - PHYSICAL DESCRIPTION | |
| Extent | lxiii, 448p. |
| Dimensions | 24cm. |
| 505 2# - FORMATTED CONTENTS NOTE | |
| Formatted contents note | Development of planning law and practice -- Central and local government -- The new development plan structure -- Other plans and development agencies -- Legal challenges to the development plan -- Development -- Challenges to the meaning of development -- Challenges to the use classes order -- Town and country planning (general permitted development) order 1995 and local development orders -- Legal challenges to the content of the town and country planning (general permitted development) order 1995 -- Planning applications -- Legal challenges to the consideration of planning applications -- Nature and scope of planning permission -- Planning obligations -- Appeals relating to planning applications -- Legal challenges to the secretary of state's decision-making -- Enforcement -- Enforcement appeals and legal challenges -- Listed buildings and conservation areas -- Legal challenges to listed buildings and conservation areas -- Trees and hedgerows -- Case law in relation to tree preservation orders and compensation -- Advertisements -- Rural areas -- Caravans and caravan sites -- Minerals and waste disposal -- Compulsory purchase and compensation -- Public involvement -- Non-planning controls |
| 520 ## - SUMMARY, ETC. | |
| Summary, etc. | Covers all aspects of planning law and its interpretations in the courts. This edition is extensively updated and incorporates the Planning and Compulsory Purchase Act 2004. Deals with planning applications and law, enterprise zones and urban development, caravan sites, Town and Country Planning (Use Classes) Orders and compulsory purchase and compensation. Case law is examined. Also outlines European legislation, non-planning controls and public investment. |
| 590 ## - LOCAL NOTE (RLIN) | |
| Local note | KA |
| 650 24 - SUBJECT ADDED ENTRY--TOPICAL TERM | |
| Topical term or geographic name entry element | TOWN AND COUNTRY PLANNING ACT 1990 |
| 650 24 - SUBJECT ADDED ENTRY--TOPICAL TERM | |
| Topical term or geographic name entry element | PLANNING AND COMPULSORY PURCHASE ACT 2004 |
| 651 #4 - SUBJECT ADDED ENTRY--GEOGRAPHIC NAME | |
| Geographic name | United Kingdom |
| Chronological subdivision | |
| 690 ## - LOCAL SUBJECT ADDED ENTRY--TOPICAL TERM (OCLC, RLIN) | |
| Topical term or geographic name as entry element | ENVIRONMENTAL AND LAND CONSULTANCY-PLANNING AND DEVELOPMENT |
| 942 ## - ADDED ENTRY ELEMENTS (KOHA) | |
| Suppress in OPAC | 0 |
| Withdrawn status | Lost status | Source of classification or shelving scheme | Damaged status | Not for loan | Home library | Current library | Shelving location | Date acquired | Cost, normal purchase price | Total Checkouts | Full call number | Barcode | Date last seen | Date last checked out | Copy number | Cost, replacement price | Price effective from | Koha item type |
|---|---|---|---|---|---|---|---|---|---|---|---|---|---|---|---|---|---|---|
| Other/Generic Classification Scheme | London | London | Books | 21/08/2007 | 30.95 | 15 | 711.026 CAM | 30074169 | 06/08/2019 | 14/07/2009 | 2 | 30.95 | 06/08/2019 | Book |